| 000 | 01838cam a22004335a 4500 | ||
|---|---|---|---|
| 001 | 13192037 | ||
| 003 | EG-ScBUE | ||
| 005 | 20211222112554.0 | ||
| 008 | 030509r20032001enk f bd 000 1 eng d | ||
| 020 | _a0141439823 | ||
| 020 | _a9780141439822 | ||
| 035 | _a(OCoLC)ocm51272276 | ||
| 040 |
_aUKM _beng _erda _cUKM _dOCLCQ _dDLC _dEG-ScBUE |
||
| 082 | 0 | 4 |
_a823.5 _bDEF _222 |
| 100 | 1 |
_aDefoe, Daniel, _d1661?-1731, _eauthor. _934876 |
|
| 245 | 1 | 0 |
_aRobinson Crusoe / _cDaniel Defoe ; edited with an introduction and notes by John Richetti. |
| 250 | _aReprinted edition. | ||
| 264 | 1 |
_aLondon : _bPenguin Books, _c2003. |
|
| 300 |
_axxxiv, 251 pages ; _c20 cm. |
||
| 336 |
_2rdacontent _atext _btxt |
||
| 337 |
_2rdamedia _aunmediated _bn |
||
| 338 |
_2rdacarrier _avolume _bnc |
||
| 490 | 0 | _aPenguin classics | |
| 504 | _aIncludes bibliographical references. | ||
| 520 | _aDuring one of his several adventurous voyages in the seventeenth century, an Englishman becomes the sole survivor of a shipwreck and lives for nearly thirty years on a desert island before being rescued. | ||
| 650 | 7 |
_aCrusoe, Robinson (Fictitious character) _vFiction. _2BUEsh |
|
| 650 | 7 |
_aShipwreck survival _vFiction. _2BUEsh |
|
| 650 | 7 |
_aCastaways _vFiction. _2BUEsh |
|
| 650 | 7 |
_aSolitude _vFiction. _2BUEsh |
|
| 650 | 7 |
_aIslands _vFiction. _2BUEsh _924515 |
|
| 651 | _2BUEsh | ||
| 653 |
_bHHUUEENN _cSeptember2018 |
||
| 655 |
_vText book _933728 |
||
| 700 | 1 |
_aRichetti, John J., _eauthor of introduction, etc. _937272 |
|
| 856 | 4 | 2 |
_3Contributor biographical information _uhttp://www.loc.gov/catdir/enhancements/fy0716/2003544634-b.html |
| 856 | 4 | 2 |
_3Publisher description _uhttp://www.loc.gov/catdir/enhancements/fy0716/2003544634-d.html |
| 856 | 4 | 1 |
_3Sample text _uhttp://www.loc.gov/catdir/enhancements/fy1505/2003544634-s.html |
| 942 |
_2ddc _cBB |
||
| 999 |
_c26846 _d26818 |
||